Composite Systems Decisions

Composite decisions consist of interconnected parts or subdecisions and correspond to a composite (composable, modular, decomposable) system. The composite decision approach extends the traditional paradigm of decision making of Herbert A. Simon, i.e. choice of the best alternative(s), and realizes...

Full description

Bibliographic Details
Main Author: Levin, Mark Sh (Author)
Corporate Author: SpringerLink (Online service)
Format: Electronic eBook
Language:English
Published: London : Springer London, 2006.
Series:Decision Engineering,
Subjects:
Online Access:Full Text via HEAL-Link
LEADER 04482nam a22005775i 4500
001 978-1-84628-080-1
003 DE-He213
005 20151204160857.0
007 cr nn 008mamaa
008 100301s2006 xxk| s |||| 0|eng d
020 |a 9781846280801  |9 978-1-84628-080-1 
024 7 |a 10.1007/1-84628-080-X  |2 doi 
040 |d GrThAP 
050 4 |a TA177.4-185 
072 7 |a TBC  |2 bicssc 
072 7 |a KJMV  |2 bicssc 
072 7 |a TEC000000  |2 bisacsh 
082 0 4 |a 658.5  |2 23 
100 1 |a Levin, Mark Sh.  |e author. 
245 1 0 |a Composite Systems Decisions  |h [electronic resource] /  |c by Mark Sh. Levin. 
264 1 |a London :  |b Springer London,  |c 2006. 
300 |a XVI, 254 p. 126 illus.  |b online resource. 
336 |a text  |b txt  |2 rdacontent 
337 |a computer  |b c  |2 rdamedia 
338 |a online resource  |b cr  |2 rdacarrier 
347 |a text file  |b PDF  |2 rda 
490 1 |a Decision Engineering,  |x 1619-5736 
505 0 |a Issues of Information Technology -- Components of Information Technology -- System Approaches -- Systems: Models, Analysis, and Synthesis -- Issues of Systems Engineering -- System Development and Evolution -- Configuration and Multi-product Systems -- Applied Systems Decisions -- Synthesis of Composite Packaged Software -- Improvement of Buildings -- Planning in Concrete Macrotechnology -- Transformation of a Specialist’s Profile -- Planning of Medical Treatment -- Design of Immunoassay Technology -- Common Part of Digraphs -- The Last Mile Problem -- Combinatorial Model of Political Administration -- Educational Issues -- General Engineering -- Design of Systems (Structural Approach) -- Applied Combinatorial Optimization -- Conclusion -- Conclusion. 
520 |a Composite decisions consist of interconnected parts or subdecisions and correspond to a composite (composable, modular, decomposable) system. The composite decision approach extends the traditional paradigm of decision making of Herbert A. Simon, i.e. choice of the best alternative(s), and realizes a two-stage solving scheme: (a) the selection of alternatives as the best subdecisions or local decisions and (b) composition of the selected local decisions into a composite global decision while taking into account the quality of the local decisions and their compatibility. Composite Systems Decisions describes an educational approach that is based on systems engineering and considered modular design of composite decisions. Divided into four parts, this book contains descriptions of basic systems approaches and examines basic ‘technological’ problems for composite systems, including: modular hierarchical design; multistage design; multistage planning; redesign/improvement/adaptation; evaluation; and, combinatorial evolution/development. Applied researchers, undergraduate and graduate students, and practitioners in many domains will find Composite Systems Decisions a valuable reference. The basic systems problems, solving schemes, and applied examples contained in the book will also be of interest to various scientists (e.g., mathematicians, computer scientists, economists, social engineers, etc.). The Decision Engineering series focuses on the foundations and applications of tools and techniques related to decision engineering, and identifies their relevance in ‘engineering’ decisions. The series provides an aid to practising professionals and applied researchers in the development of tools for informed operational and business decision making, within industry, by utilising distributed organisational knowledge. 
650 0 |a Engineering. 
650 0 |a Operations research. 
650 0 |a Decision making. 
650 0 |a Computers. 
650 0 |a Computational intelligence. 
650 0 |a Engineering design. 
650 0 |a Engineering economics. 
650 0 |a Engineering economy. 
650 1 4 |a Engineering. 
650 2 4 |a Engineering Economics, Organization, Logistics, Marketing. 
650 2 4 |a Engineering Design. 
650 2 4 |a Engineering, general. 
650 2 4 |a Computational Intelligence. 
650 2 4 |a Operation Research/Decision Theory. 
650 2 4 |a Information Systems and Communication Service. 
710 2 |a SpringerLink (Online service) 
773 0 |t Springer eBooks 
776 0 8 |i Printed edition:  |z 9781846280016 
830 0 |a Decision Engineering,  |x 1619-5736 
856 4 0 |u http://dx.doi.org/10.1007/1-84628-080-X  |z Full Text via HEAL-Link 
912 |a ZDB-2-ENG 
950 |a Engineering (Springer-11647)